000
00321nam a22001337a 4500
003
OSt
005
20160727222408.0
008
160624b xxu||||| |||| 00| 0 eng d
100
_9
914
_a
Taber, G
245
_a
Nurse in Blue
260
_a
Philadelphia
_b
The Slakiston Com.
_c
1943
300
_a
Nurse in Blue
942
_2
ddc
_c
BK
999
_c
727
_d
727